[Event "15. Torneo Aficionados Benidorm s-2300"]
[Site "Benidorm ESP"]
[Date "2016.12.06"]
[Round "5.9"]
[White "Sanchez Barbado, Carlos"]
[Black "Pavel, Sebastian-Ionut"]
[Result "0-1"]
[PlyCount "155"]
[EventDate "2016.12.02"]
[EventType "swiss"]
[EventRounds "10"]
[EventCountry "ESP"]
[SourceTitle "Ajedrez en Madrid"]
[Source "lmi"]
[SourceDate "2016.12.02"]
[WhiteElo "2215"]
[BlackElo "2108"]

1. e4 c5 2. Nc3 Nc6 3. f4 g6 4. Nf3 Bg7 5. Bb5 Nd4 6. O-O a6 7. Bd3 d6 8. Nxd4
cxd4 9. Ne2 Nf6 10. c3 dxc3 11. bxc3 O-O 12. Bc2 b5 13. Kh1 Bb7 14. d3 Qc7 15.
Rb1 e5 16. fxe5 dxe5 17. Qe1 Ne8 18. Ba3 Nd6 19. Qf2 Kh8 20. Qc5 Qxc5 21. Bxc5
Rad8 22. a4 Bc6 23. axb5 axb5 24. c4 bxc4 25. Rb6 cxd3 26. Bxd3 Bxe4 27. Bxe4
Nxe4 28. Bxf8 Bxf8 29. Ng3 Nxg3+ 30. hxg3 Rd7 31. Rb5 Re7 32. Kg1 h5 33. Kf2
Bh6 34. Ke2 Kg7 35. Rfb1 Kf6 36. Rb7 Rxb7 37. Rxb7 Ke6 38. Rb6+ Kf5 39. Rb7 f6
40. Rh7 Bc1 41. Rc7 Bb2 42. Rc4 Bd4 43. Kf3 Kg5 44. Ra4 Kf5 45. Rc4 e4+ 46. Ke2
Be5 47. Kf2 g5 48. Ra4 Bb8 49. Ra8 Bc7 50. Ra6 Bb8 51. Ra8 Bd6 52. Ra6 Bc5+ 53.
Kf1 Be7 54. Kf2 Kg4 55. Re6 Bc5+ 56. Kf1 f5 57. Re5 Bd6 58. Re8 Bxg3 59. Ra8 h4
60. Rh8 Be5 61. Re8 Bd4 62. Rd8 Be3 63. Rh8 Bd2 64. Ke2 Bc3 65. Rh7 Kg3 66. Kf1
e3 67. Re7 f4 68. Re6 g4 69. Rg6 h3 70. gxh3 Kxh3 71. Ke2 Kg3 72. Rc6 Bd2 73.
Rf6 f3+ 74. Kd1 Kg2 75. Rf7 Bb4 76. Rxf3 g3 77. Rf7 Bf8 78. Ke1 0-1

[Event "15. Torneo Aficionados Benidorm s-2300"]
[Site "Benidorm ESP"]
[Date "2016.12.06"]
[Round "5.10"]
[White "Jimenez Almeida, Luis David"]
[Black "Rubio Tapia, Jose Juan"]
[Result "1-0"]
[PlyCount "114"]
[EventDate "2016.12.02"]
[EventType "swiss"]
[EventRounds "10"]
[EventCountry "ESP"]
[SourceTitle "Ajedrez en Madrid"]
[Source "lmi"]
[SourceDate "2016.12.02"]
[WhiteElo "2215"]
[BlackElo "2079"]

1. d4 Nf6 2. c4 g6 3. Nc3 Bg7 4. e4 d6 5. Nf3 O-O 6. Be2 e5 7. O-O Nc6 8. d5
Ne7 9. Ne1 Nd7 10. Be3 f5 11. f3 f4 12. Bf2 g5 13. g4 fxg3 14. hxg3 Ng6 15. Ng2
Rf7 16. Ne3 Bf8 17. Qd2 a5 18. Kg2 Nc5 19. Rh1 Qf6 20. Rh5 Be7 21. Rah1 Bd7 22.
Nf5 Bxf5 23. exf5 Qxf5 24. Bxc5 dxc5 25. Ne4 Rg7 26. Nf2 Kh8 27. Bd3 Qf7 28.
Ng4 Nh4+ 29. R1xh4 gxh4 30. Rf5 Qg8 31. Qh6 e4 32. Bxe4 Rf8 33. Kh3 Rxf5 34.
Bxf5 Qf8 35. Qh5 hxg3 36. Kxg3 Bg5 37. Be4 Qf7 38. Qxf7 Rxf7 39. Nf2 h6 40. Nd3
b6 41. Kg4 Kg7 42. f4 Bf6 43. Bf5 Bd4 44. Be6 Rf8 45. b3 Kf6 46. f5 Be3 47. Kh5
Rh8 48. a4 Rh7 49. Kg4 Rg7+ 50. Kf3 Bd2 51. Nf2 Ke5 52. f6 Rh7 53. Ng4+ Kd6 54.
Ke4 h5 55. Nf2 Bh6 56. Kf5 Bf8 57. Ke4 h4 1-0

[Event "15. Torneo Aficionados Benidorm s-2300"]
[Site "Benidorm ESP"]
[Date "2016.12.06"]
[Round "5.11"]
[White "Buyukasik, Diyap"]
[Black "Jimenez Martinez, Jose Vicente"]
[Result "1-0"]
[PlyCount "77"]
[EventDate "2016.12.02"]
[EventType "swiss"]
[EventRounds "10"]
[EventCountry "ESP"]
[SourceTitle "Ajedrez en Madrid"]
[Source "lmi"]
[SourceDate "2016.12.02"]
[WhiteElo "2179"]
[BlackElo "2267"]

1. d4 g6 2. c4 Bg7 3. Nc3 d6 4. e4 Nf6 5. Nf3 O-O 6. Be2 Bg4 7. Be3 Nfd7 8. Qd2
Bxf3 9. Bxf3 Nc6 10. d5 Na5 11. Be2 c5 12. O-O a6 13. Rab1 Qc7 14. Bh6 Rab8 15.
Bxg7 Kxg7 16. f4 Nf6 17. Qe3 b6 18. g4 Rbe8 19. g5 Nd7 20. Qh3 h5 21. gxh6+ Kh7
22. b3 Nf6 23. Rbe1 b5 24. cxb5 Rb8 25. Bd1 axb5 26. e5 Qd7 27. Qg2 b4 28. exf6
bxc3 29. fxe7 Rfe8 30. f5 Rxe7 31. fxg6+ fxg6 32. Bc2 Rg8 33. Qg5 Re5 34. Rxe5
dxe5 35. h4 Qxd5 36. h5 Qd4+ 37. Rf2 e4 38. Bxe4 c2 39. hxg6+ 1-0

[Event "15. Torneo Aficionados Benidorm s-2300"]
[Site "Benidorm ESP"]
[Date "2016.12.06"]
[Round "5.12"]
[White "Exposito Amaro, Josue"]
[Black "Nebolsina, Vera"]
[Result "1-0"]
[PlyCount "35"]
[EventDate "2016.12.02"]
[EventType "swiss"]
[EventRounds "10"]
[EventCountry "ESP"]
[SourceTitle "Ajedrez en Madrid"]
[Source "lmi"]
[SourceDate "2016.12.02"]
[WhiteElo "2283"]
[BlackElo "2180"]

1. Nc3 c5 2. e4 Nc6 3. f4 e6 4. Nf3 d5 5. Bb5 Nf6 6. Bxc6+ bxc6 7. d3 c4 8. e5
Ng4 9. h3 Nh6 10. d4 Bb4 11. O-O Bxc3 12. bxc3 Qa5 13. a4 Nf5 14. Qe1 h5 15. g4
hxg4 16. hxg4 Nh6 17. Qh4 Qxc3 18. Ba3 1-0

[Event "15. Torneo Aficionados Benidorm s-2300"]
[Site "Benidorm ESP"]
[Date "2016.12.06"]
[Round "6.1"]
[White "Nunez Garcia, Alberto"]
[Black "Hristodorescu, Daniel"]
[Result "1/2-1/2"]
[PlyCount "37"]
[EventDate "2016.12.02"]
[EventType "swiss"]
[EventRounds "10"]
[EventCountry "ESP"]
[SourceTitle "Ajedrez en Madrid"]
[Source "lmi"]
[SourceDate "2016.12.02"]
[WhiteElo "2053"]
[BlackElo "2219"]

1. e4 e5 2. Nf3 Nc6 3. Bb5 a6 4. Ba4 Nf6 5. O-O Be7 6. Re1 b5 7. Bb3 d6 8. c3
O-O 9. d4 Bg4 10. Be3 Na5 11. dxe5 Bxf3 12. Qxf3 dxe5 13. Nd2 Nxb3 14. axb3 Qc8
15. Nf1 Qg4 16. Qxg4 Nxg4 17. h3 Nxe3 18. Nxe3 c6 19. Nf5 1/2-1/2

[Event "15. Torneo Aficionados Benidorm s-2300"]
[Site "Benidorm ESP"]
[Date "2016.12.06"]
[Round "6.2"]
[White "Mingarro Carceller, Sergi"]
[Black "Sai Agni Jeevitesh, J."]
[Result "1/2-1/2"]
[PlyCount "47"]
[EventDate "2016.12.02"]
[EventType "swiss"]
[EventRounds "10"]
[EventCountry "ESP"]
[SourceTitle "Ajedrez en Madrid"]
[Source "lmi"]
[SourceDate "2016.12.02"]
[WhiteElo "2276"]
[BlackElo "2115"]

1. e4 e6 2. d4 d5 3. Nc3 Bb4 4. e5 c5 5. a3 Bxc3+ 6. bxc3 Qa5 7. Bd2 Qa4 8. Qg4
g6 9. Nf3 Nc6 10. Be2 Bd7 11. O-O c4 12. Qh4 h6 13. Ra2 Rh7 14. Rb1 b6 15. Bg5
Rg7 16. Bf6 g5 17. Nxg5 Rxg5 18. Bxg5 hxg5 19. Qxg5 Nge7 20. Bh5 Qa5 21. Bxf7+
Kxf7 22. Qh5+ Kg7 23. Qg5+ Kf7 24. Qh5+ 1/2-1/2

[Event "15. Torneo Aficionados Benidorm s-2300"]
[Site "Benidorm ESP"]
[Date "2016.12.06"]
[Round "6.3"]
[White "Nieves Cabanes, Jose Manuel"]
[Black "Aroven, Mikael"]
[Result "0-1"]
[PlyCount "94"]
[EventDate "2016.12.02"]
[EventType "swiss"]
[EventRounds "10"]
[EventCountry "ESP"]
[SourceTitle "Ajedrez en Madrid"]
[Source "lmi"]
[SourceDate "2016.12.02"]
[WhiteElo "2220"]
[BlackElo "2121"]

1. d4 d6 2. Nf3 g6 3. c4 Bg7 4. Nc3 Nc6 5. e3 e5 6. Be2 Nh6 7. O-O O-O 8. d5
Ne7 9. e4 c5 10. dxc6 bxc6 11. c5 d5 12. Nxe5 Qc7 13. Nf3 Rd8 14. Qc2 d4 15.
Nb1 f5 16. Bc4+ Kh8 17. Bxh6 Bxh6 18. Nbd2 fxe4 19. Qxe4 Bg7 20. Ng5 Nd5 21.
Bxd5 cxd5 22. Qh4 Bf6 23. Ndf3 Qg7 24. Qg3 h6 25. Nh3 g5 26. Nd2 Bf5 27. f4 g4
28. Nf2 Re8 29. Rae1 Rab8 30. Rxe8+ Rxe8 31. Qb3 Qd7 32. Rc1 Qc6 33. Nf1 Qe6
34. c6 h5 35. Ng3 h4 36. Nf1 d3 37. Nxd3 Bd4+ 38. Kh1 h3 39. Ng3 hxg2+ 40. Kxg2
Be4+ 41. Kf1 Qh6 42. Nxe4 Qh3+ 43. Ke1 Rxe4+ 44. Kd1 Qg2 45. Qb8+ Kh7 46. Qb7+
Bg7 47. Rc2 Qf1+ 0-1

[Event "15. Torneo Aficionados Benidorm s-2300"]
[Site "Benidorm ESP"]
[Date "2016.12.06"]
[Round "6.4"]
[White "Solano Lasierra, Javier"]
[Black "Jimenez Almeida, Luis David"]
[Result "1/2-1/2"]
[PlyCount "128"]
[EventDate "2016.12.02"]
[EventType "swiss"]
[EventRounds "10"]
[EventCountry "ESP"]
[SourceTitle "Ajedrez en Madrid"]
[Source "lmi"]
[SourceDate "2016.12.02"]
[WhiteElo "2143"]
[BlackElo "2215"]

1. d4 Nf6 2. Nf3 c5 3. d5 b5 4. Bg5 Ne4 5. Bh4 Bb7 6. Qd3 f5 7. Nbd2 c4 8. Qd4
Na6 9. c3 Nc7 10. Nxe4 fxe4 11. Qxe4 Nxd5 12. e3 Qb6 13. Qd4 e6 14. a3 a6 15.
Be2 Qxd4 16. exd4 Nf4 17. Bg3 Nxe2 18. Kxe2 d6 19. a4 Bc6 20. axb5 Bxb5 21. d5
e5 22. Ng5 a5 23. Ne6 Kd7 24. f4 exf4 25. Bxf4 a4 26. Nd4 Rb8 27. Rhd1 Be7 28.
Rd2 Rhf8 29. g3 Rfc8 30. Kf3 Rc5 31. Ke4 Bf6 32. Nxb5 Rcxb5 33. Rxa4 Rxb2 34.
Rxb2 Rxb2 35. Rxc4 Re2+ 36. Kd3 Rxh2 37. Rc6 Be7 38. Ra6 g5 39. Ra7+ Ke8 40.
Bd2 Rg2 41. Be1 h5 42. Ra8+ Bd8 43. c4 Ke7 44. Ra7+ Kf6 45. Rd7 Be7 46. c5 dxc5
47. Bc3+ Kf7 48. d6 Rxg3+ 49. Kc4 Ke6 50. Rxe7+ Kxd6 51. Re8 Rg4+ 52. Kd3 Rg2
53. Rh8 Rh2 54. Ke4 Rh4+ 55. Kf5 g4 56. Rd8+ Kc6 57. Rd1 Rh3 58. Be5 c4 59. Ke4
Kb5 60. Rb1+ Rb3 61. Rh1 Rh3 62. Rxh3 gxh3 63. Kf3 h2 64. Kg2 h4 1/2-1/2

[Event "15. Torneo Aficionados Benidorm s-2300"]
[Site "Benidorm ESP"]
[Date "2016.12.06"]
[Round "6.5"]
[White "Pavel, Sebastian-Ionut"]
[Black "Buyukasik, Diyap"]
[Result "1/2-1/2"]
[PlyCount "188"]
[EventDate "2016.12.02"]
[EventType "swiss"]
[EventRounds "10"]
[EventCountry "ESP"]
[SourceTitle "Ajedrez en Madrid"]
[Source "lmi"]
[SourceDate "2016.12.02"]
[WhiteElo "2108"]
[BlackElo "2179"]

1. e4 c5 2. Nf3 d6 3. d4 cxd4 4. Nxd4 Nf6 5. f3 e5 6. Nb3 Be6 7. c4 Be7 8. Nc3
O-O 9. Be3 a6 10. Be2 Nc6 11. O-O Rc8 12. Qd2 Nd7 13. Nd5 Nc5 14. Rfd1 Bxd5 15.
Qxd5 Nxb3 16. axb3 Qc7 17. g3 Rfd8 18. Ra4 Bf6 19. Kf2 Nd4 20. Bxd4 exd4 21.
Bd3 Qd7 22. Qf5 Qxf5 23. exf5 d5 24. Rb4 Rd7 25. Re1 Kf8 26. Ra4 Re8 27. Rxe8+
Kxe8 28. Ra5 dxc4 29. bxc4 Kd8 30. b4 Kc7 31. Rc5+ Kb8 32. Ra5 Kc7 33. c5 Kb8
34. Ke2 Be7 35. Be4 Kc7 36. Kd3 Rd8 37. Ra2 Bf6 38. c6 bxc6 39. Rxa6 Rb8 40.
Rxc6+ Kd7 41. Rc4 Kd6 42. f4 Rb6 43. g4 h6 44. h4 Bxh4 45. Rxd4+ Ke7 46. Kc4
Bf2 47. Rd3 Rd6 48. Bd5 f6 49. Rf3 Bg1 50. Rf1 Bb6 51. Re1+ Kd8 52. Ra1 Kc7 53.
Re1 Kd8 54. Re4 Bf2 55. b5 Kc7 56. Bc6 Kb6 57. Bd5 Kc7 58. Re2 Bg1 59. Re7+ Rd7
60. Re4 Rd6 61. Bc6 Kb6 62. Kc3 Bc5 63. Re8 Bf2 64. Re7 Bg3 65. Kc4 Bf2 66.
Rb7+ Ka5 67. Bd5 Rd8 68. Rxg7 Rc8+ 69. Bc6 Rd8 70. Bd7 Be3 71. Kd5 Bxf4 72. Kc6
Rb8 73. Kd5 Rh8 74. Ke6 Be5 75. Rg6 Kb6 76. Bc6 Bc3 77. Rxf6 Bxf6 78. Kxf6 Rg8
79. Bf3 Kxb5 80. Kf7 Rc8 81. Kg7 Kc5 82. Kxh6 Kd6 83. Kg7 Rc7+ 84. Kf6 Rc8 85.
Kg7 Rc7+ 86. Kg6 Rc3 87. Bd1 Rd3 88. Bc2 Rc3 89. Bb1 Rb3 90. Ba2 Ra3 91. Bf7
Rg3 92. g5 Ke5 93. f6 Kf4 94. Be8 Ke5 1/2-1/2

[Event "15. Torneo Aficionados Benidorm s-2300"]
[Site "Benidorm ESP"]
[Date "2016.12.06"]
[Round "6.6"]
[White "Gromovs, Sergejs"]
[Black "Barbera Estelles, Rosendo"]
[Result "1-0"]
[PlyCount "79"]
[EventDate "2016.12.02"]
[EventType "swiss"]
[EventRounds "10"]
[EventCountry "ESP"]
[SourceTitle "Ajedrez en Madrid"]
[Source "lmi"]
[SourceDate "2016.12.02"]
[WhiteElo "2119"]
[BlackElo "2178"]

1. d4 Nf6 2. c4 g6 3. Nc3 Bg7 4. e4 d6 5. Be2 O-O 6. Nf3 e5 7. O-O Nc6 8. d5
Ne7 9. b4 Ne8 10. c5 f5 11. Ng5 h6 12. Ne6 Bxe6 13. dxe6 fxe4 14. cxd6 Nxd6 15.
b5 Nef5 16. Ba3 Re8 17. Qd5 Qe7 18. Nxe4 Qxe6 19. Qxe6+ Rxe6 20. Nxd6 Nxd6 21.
Rac1 Re7 22. Rc2 Rd7 23. Rfc1 Ne8 24. Bf3 Rb8 25. Bc5 a6 26. bxa6 bxa6 27. Bc6
Rdd8 28. g3 h5 29. Be3 Nf6 30. Ba4 Nd5 31. Bb3 Kh7 32. Bg5 Rd7 33. Rd1 Rxb3 34.
axb3 Bf8 35. Re2 c6 36. Rxe5 Rb7 37. Re6 Rxb3 38. Rxc6 Nc3 39. Rd7+ Kg8 40.
Rxg6+ 1-0

[Event "15. Torneo Aficionados Benidorm s-2300"]
[Site "Benidorm ESP"]
[Date "2016.12.06"]
[Round "6.7"]
[White "Roig Aguilar, Alejandro"]
[Black "Gonzalez Acosta, Angel"]
[Result "1-0"]
[PlyCount "83"]
[EventDate "2016.12.02"]
[EventType "swiss"]
[EventRounds "10"]
[EventCountry "ESP"]
[SourceTitle "Ajedrez en Madrid"]
[Source "lmi"]
[SourceDate "2016.12.02"]
[WhiteElo "2150"]
[BlackElo "2054"]

1. e4 d6 2. Nc3 e5 3. Bc4 Nf6 4. d3 Nc6 5. f4 Na5 6. Bb3 Nxb3 7. axb3 exf4 8.
Bxf4 Be7 9. Nge2 d5 10. Nb5 O-O 11. Nxc7 Bg4 12. Nxa8 Nh5 13. O-O Bc5+ 14. d4
Nxf4 15. Rxf4 Bxe2 16. Qxe2 Bxd4+ 17. Kh1 Qxa8 18. exd5 Bxb2 19. Raf1 Qc8 20.
c4 Ba3 21. Re4 Qd7 22. Qd2 Qd6 23. Qf4 Qg6 24. Qf5 Qd6 25. Re8 Qc7 26. Rfe1 g6
27. Qf6 Qd7 28. R8e4 Bd6 29. h4 h5 30. Qf3 Qd8 31. g3 a5 32. Kg2 b6 33. Qe3 Bc5
34. Qf4 Bd6 35. Qf3 Kh7 36. Rh1 Qd7 37. Qe2 a4 38. bxa4 f5 39. Re6 f4 40. Rf1
Qc7 41. Qe4 Rf5 42. Rxf4 1-0

[Event "15. Torneo Aficionados Benidorm s-2300"]
[Site "Benidorm ESP"]
[Date "2016.12.06"]
[Round "6.8"]
[White "Lacrosse, Marc"]
[Black "Lillo Castany, Victor"]
[Result "1-0"]
[PlyCount "107"]
[EventDate "2016.12.02"]
[EventType "swiss"]
[EventRounds "10"]
[EventCountry "ESP"]
[SourceTitle "Ajedrez en Madrid"]
[Source "lmi"]
[SourceDate "2016.12.02"]
[WhiteElo "2205"]
[BlackElo "2290"]

1. d4 Nf6 2. c4 c5 3. d5 e6 4. Nc3 exd5 5. cxd5 d6 6. Nf3 g6 7. h3 Bg7 8. e4 a6
9. a4 Nbd7 10. Bd3 Nh5 11. Bg5 Bf6 12. Be3 Ne5 13. Be2 Nxf3+ 14. Bxf3 Ng7 15.
O-O O-O 16. Qd2 Be5 17. Rfe1 f5 18. Bg5 Qe8 19. Bf4 fxe4 20. Bxe5 Qxe5 21. Nxe4
Nf5 22. Nxc5 Qd4 23. Nb3 Qxd2 24. Nxd2 Nd4 25. Rac1 Bxh3 26. Rc7 Rac8 27. Rxb7
Rc2 28. Ree7 Nf5 29. Rxh7 Rxd2 30. gxh3 Rxb2 31. Rxb2 Kxh7 32. Rb6 a5 33. Bg4
Kh6 34. Ra6 Kg5 35. Rxa5 Rc8 36. Ra6 Rc1+ 37. Kh2 Nh4 38. Rxd6 Rf1 39. a5 Rxf2+
40. Kg1 Ra2 41. a6 Ng2 42. Bf3 Nf4 43. Bg4 Kh4 44. Kf1 Nd3 45. Rxg6 Ra1+ 46.
Bd1 Nb2 47. d6 Rxd1+ 48. Ke2 Rd5 49. a7 Re5+ 50. Kf3 Re8 51. d7 Rf8+ 52. Ke4
Na4 53. Rc6 Ra8 54. Rc8 1-0

[Event "15. Torneo Aficionados Benidorm s-2300"]
[Site "Benidorm ESP"]
[Date "2016.12.06"]
[Round "6.9"]
[White "Gonzalez Laso, Adrian"]
[Black "Exposito Amaro, Josue"]
[Result "1/2-1/2"]
[PlyCount "97"]
[EventDate "2016.12.02"]
[EventType "swiss"]
[EventRounds "10"]
[EventCountry "ESP"]
[SourceTitle "Ajedrez en Madrid"]
[Source "lmi"]
[SourceDate "2016.12.02"]
[WhiteElo "2192"]
[BlackElo "2283"]

1. e4 c5 2. Nc3 Nc6 3. g3 g6 4. Bg2 Bg7 5. d3 d6 6. Be3 e5 7. Qd2 Nd4 8. Nce2
Ne7 9. c3 Nxe2 10. Nxe2 Be6 11. O-O O-O 12. Rfd1 Rc8 13. d4 b6 14. Bh6 Bxh6 15.
Qxh6 cxd4 16. cxd4 Rc2 17. Nc3 exd4 18. Rxd4 Rxb2 19. Qc1 Nc6 20. Rd1 Rb4 21.
Nd5 Bxd5 22. Rxd5 Qf6 23. Qe1 Rd4 24. Rc1 Rxd5 25. exd5 Nd4 26. Qe3 Nf5 27. Qa3
Qe7 28. Qa4 Re8 29. Bh3 Ng7 30. Qd7 Kf8 31. Rc7 a5 32. Qc6 Qe1+ 33. Bf1 Nf5 34.
Qxb6 Kg8 35. Qa7 Nh6 36. h3 Qd2 37. Bc4 Re1+ 38. Kg2 Nf5 39. Rxf7 Qd1 40. h4 h5
41. Rxf5 Rg1+ 42. Kh2 Rh1+ 43. Kg2 Rg1+ 44. Kh2 Rh1+ 45. Kg2 Rg1+ 46. Kh2 Rh1+
47. Kg2 Re1 48. Rf7 Qg4 49. Kh2 1/2-1/2

[Event "15. Torneo Aficionados Benidorm s-2300"]
[Site "Benidorm ESP"]
[Date "2016.12.06"]
[Round "6.10"]
[White "Torres Sanchez, Jose"]
[Black "Krantz, Christopher"]
[Result "1-0"]
[PlyCount "49"]
[EventDate "2016.12.02"]
[EventType "swiss"]
[EventRounds "10"]
[EventCountry "ESP"]
[SourceTitle "Ajedrez en Madrid"]
[Source "lmi"]
[SourceDate "2016.12.02"]
[WhiteElo "2281"]
[BlackElo "2188"]

1. Nc3 d5 2. e4 c6 3. Nf3 Bg4 4. d4 dxe4 5. Nxe4 e6 6. c3 Nf6 7. Ng3 Qd5 8. Be2
Ne4 9. O-O Nxg3 10. fxg3 Be7 11. Ne5 Bxe2 12. Qxe2 Bf6 13. Qh5 g6 14. Qh6 Bxe5
15. dxe5 Qxe5 16. Bg5 Nd7 17. Rad1 Rf8 18. Kh1 f6 19. Rfe1 Qf5 20. Qxh7 O-O-O
21. Be3 a6 22. Qe7 Rfe8 23. Qb4 Ne5 24. Rxd8+ Rxd8 25. Bb6 1-0

[Event "15. Torneo Aficionados Benidorm s-2300"]
[Site "Benidorm ESP"]
[Date "2016.12.06"]
[Round "6.11"]
[White "Lloret Ramis, Juan Jose"]
[Black "De La Cruz Sanchez, Carlos G"]
[Result "1/2-1/2"]
[PlyCount "66"]
[EventDate "2016.12.02"]
[EventType "swiss"]
[EventRounds "10"]
[EventCountry "ESP"]
[SourceTitle "Ajedrez en Madrid"]
[Source "lmi"]
[SourceDate "2016.12.02"]
[WhiteElo "2144"]
[BlackElo "2250"]

1. c4 Nf6 2. Nc3 g6 3. d4 Bg7 4. e4 d6 5. Nf3 O-O 6. Be2 Na6 7. O-O e5 8. dxe5
dxe5 9. Be3 c6 10. Qxd8 Rxd8 11. Rfd1 Re8 12. h3 Nh5 13. a3 Nf4 14. Bf1 Ne6 15.
Nd2 Nd4 16. Rac1 Nc5 17. b4 Nce6 18. c5 b5 19. cxb6 axb6 20. Nc4 b5 21. Na5 Bd7
22. a4 c5 23. Nxb5 cxb4 24. Nc4 Reb8 25. Bxd4 exd4 26. Nb2 d3 27. Nxd3 Rxa4 28.
Nc7 Nxc7 29. Rxc7 Be8 30. Nc5 Ra3 31. Na6 Ra8 32. Nxb4 Rc8 33. Ra1 Raa8 1/2-1/2

[Event "15. Torneo Aficionados Benidorm s-2300"]
[Site "Benidorm ESP"]
[Date "2016.12.06"]
[Round "6.12"]
[White "Gomez Jurado, Luis Alberto"]
[Black "Garcia Martin, Marta"]
[Result "1-0"]
[PlyCount "75"]
[EventDate "2016.12.02"]
[EventType "swiss"]
[EventRounds "10"]
[EventCountry "ESP"]
[SourceTitle "Ajedrez en Madrid"]
[Source "lmi"]
[SourceDate "2016.12.02"]
[WhiteElo "2248"]
[BlackElo "2184"]

1. c4 c5 2. g3 g6 3. Bg2 Bg7 4. Nc3 Nc6 5. Nf3 e6 6. d3 Nge7 7. O-O O-O 8. e4
d5 9. cxd5 exd5 10. exd5 Nxd5 11. Nxd5 Qxd5 12. Ng5 Qd7 13. Ne4 b6 14. Qf3 Qf5
15. Nxc5 Qxf3 16. Bxf3 bxc5 17. Bxc6 Rb8 18. Be3 Bh3 19. Bg2 Bxg2 20. Kxg2 Rfc8
21. Rac1 Rxb2 22. Rxc5 Rxc5 23. Bxc5 Rxa2 24. Re1 Bc3 25. Re8+ Kg7 26. Rc8 Ba1
27. Kf3 h5 28. d4 a5 29. Ke3 a4 30. d5 Bf6 31. d6 Ra1 32. Ra8 Rc1 33. Bd4 Re1+
34. Kd2 Re4 35. Bxf6+ Kxf6 36. Kc3 Re6 37. d7 Rc6+ 38. Kb4 1-0

[Event "15. Torneo Aficionados Benidorm s-2300"]
[Site "Benidorm ESP"]
[Date "2016.12.06"]
[Round "6.13"]
[White "Urukalovic, Roman"]
[Black "Moreno Carrascosa, Bartolome"]
[Result "1-0"]
[PlyCount "94"]
[EventDate "2016.12.02"]
[EventType "swiss"]
[EventRounds "10"]
[EventCountry "ESP"]
[SourceTitle "Ajedrez en Madrid"]
[Source "lmi"]
[SourceDate "2016.12.02"]
[WhiteElo "2243"]
[BlackElo "2171"]

1. e4 d5 2. exd5 Qxd5 3. Nc3 Qd6 4. d4 c6 5. Nf3 Nf6 6. h3 Bf5 7. Bd3 Bxd3 8.
Qxd3 Nbd7 9. O-O e6 10. Re1 Be7 11. Bg5 O-O 12. Ne4 Qc7 13. c4 Rfe8 14. Nxf6+
Bxf6 15. Bxf6 Nxf6 16. Rad1 Red8 17. Qe3 h6 18. Ne5 Rd6 19. Rd3 Rad8 20. Red1
Nd7 21. Ng4 Nf8 22. Ne5 f6 23. c5 Rd5 24. Nc4 b5 25. Nd6 e5 26. b4 a5 27. a3
Ra8 28. dxe5 Rxe5 29. Qf3 Ra6 30. Re3 Rxe3 31. Qxe3 axb4 32. axb4 Qd7 33. Re1
Ra8 34. Qe4 g6 35. Nxb5 Qd2 36. Nd6 Ra2 37. Rf1 Rb2 38. Qc4+ Qd5 39. Qxd5+ cxd5
40. c6 Rc2 41. b5 Ne6 42. Re1 Nc7 43. b6 Rxc6 44. bxc7 Rxc7 45. Re8+ Kg7 46.
Rd8 f5 47. Nxf5+ gxf5 1-0

[Event "15. Torneo Aficionados Benidorm s-2300"]
[Site "Benidorm ESP"]
[Date "2016.12.06"]
[Round "6.14"]
[White "Alvarez Serrano, Carlos"]
[Black "Ruiz Saiz, Agustin"]
[Result "1/2-1/2"]
[PlyCount "24"]
[EventDate "2016.12.02"]
[EventType "swiss"]
[EventRounds "10"]
[EventCountry "ESP"]
[SourceTitle "Ajedrez en Madrid"]
[Source "lmi"]
[SourceDate "2016.12.02"]
[WhiteElo "2141"]
[BlackElo "2240"]

1. d4 f5 2. Nc3 Nf6 3. Bg5 d5 4. e3 e6 5. Nf3 c6 6. Bd3 Bd6 7. O-O O-O 8. Ne2
h6 9. Bf4 g5 10. Bxd6 Qxd6 11. c4 Ne4 12. Ne5 c5 1/2-1/2

[Event "15. Torneo Aficionados Benidorm s-2300"]
[Site "Benidorm ESP"]
[Date "2016.12.07"]
[Round "7.1"]
[White "Hristodorescu, Daniel"]
[Black "Gromovs, Sergejs"]
[Result "1-0"]
[PlyCount "71"]
[EventDate "2016.12.02"]
[EventType "swiss"]
[EventRounds "10"]
[EventCountry "ESP"]
[SourceTitle "Ajedrez en Madrid"]
[Source "lmi"]
[SourceDate "2016.12.02"]
[WhiteElo "2219"]
[BlackElo "2119"]

1. e4 c5 2. Nf3 Nc6 3. Bb5 g6 4. Bxc6 dxc6 5. Nc3 Bg7 6. d3 Nf6 7. Be3 b6 8. h3
O-O 9. Qd2 a5 10. Bh6 Qc7 11. Bxg7 Kxg7 12. Nd1 e5 13. Ne3 Be6 14. Qc3 Nd7 15.
Ng5 Rae8 16. f4 f6 17. Nxe6+ Rxe6 18. f5 Re7 19. h4 Kh8 20. O-O-O Rg7 21. fxg6
Rxg6 22. g4 Rfg8 23. Rdf1 Qd6 24. Qb3 Qe7 25. g5 fxg5 26. Rf7 Qe8 27. Nf5 Nf8
28. Re7 Qd8 29. Qf7 g4 30. h5 Rd6 31. Rg1 a4 32. a3 b5 33. Kb1 c4 34. Re8 Rd7
35. Ne7 Rxe7 36. Rh1 1-0

[Event "15. Torneo Aficionados Benidorm s-2300"]
[Site "Benidorm ESP"]
[Date "2016.12.07"]
[Round "7.2"]
[White "Sai Agni Jeevitesh, J."]
[Black "Roig Aguilar, Alejandro"]
[Result "0-1"]
[PlyCount "61"]
[EventDate "2016.12.02"]
[EventType "swiss"]
[EventRounds "10"]
[EventCountry "ESP"]
[SourceTitle "Ajedrez en Madrid"]
[Source "lmi"]
[SourceDate "2016.12.02"]
[WhiteElo "2115"]
[BlackElo "2150"]

1. d4 Nf6 2. c4 e6 3. Nc3 Bb4 4. e3 O-O 5. Nge2 c6 6. a3 Ba5 7. Ng3 d5 8. Be2
dxc4 9. Bxc4 c5 10. O-O cxd4 11. exd4 Nc6 12. Be3 Bb6 13. Nge2 Ng4 14. h3 Nxe3
15. fxe3 Qg5 16. Rf3 Ne7 17. Qd3 Bc7 18. Raf1 Nf5 19. Ne4 Qe7 20. Nf4 Bd7 21.
Bb5 Bxb5 22. Qxb5 Bxf4 23. Rxf4 Nxe3 24. Qh5 f5 25. Ng5 h6 26. Nf3 Nxf1 27.
Kxf1 Rac8 28. Ne5 Rc1+ 29. Kf2 Rc2+ 30. Kg1 Qg5 31. Qd1 0-1

[Event "15. Torneo Aficionados Benidorm s-2300"]
[Site "Benidorm ESP"]
[Date "2016.12.07"]
[Round "7.3"]
[White "Aroven, Mikael"]
[Black "Nunez Garcia, Alberto"]
[Result "1/2-1/2"]
[PlyCount "97"]
[EventDate "2016.12.02"]
[EventType "swiss"]
[EventRounds "10"]
[EventCountry "ESP"]
[SourceTitle "Ajedrez en Madrid"]
[Source "lmi"]
[SourceDate "2016.12.02"]
[WhiteElo "2121"]
[BlackElo "2053"]

1. d4 Nf6 2. Nf3 g6 3. g3 Bg7 4. Bg2 O-O 5. O-O d6 6. c4 Nc6 7. Nc3 Bg4 8. h3
Bxf3 9. Bxf3 Nd7 10. e3 e5 11. d5 Ne7 12. e4 a5 13. Bg2 f5 14. f3 Kh8 15. Rb1
f4 16. g4 Ng8 17. Rf2 Bf6 18. Rc2 Nc5 19. Qe2 Rf7 20. b3 h5 21. a3 hxg4 22.
hxg4 Bh4 23. Bd2 Bg3 24. b4 axb4 25. axb4 Na4 26. Be1 Nxc3 27. Rxc3 Qh4 28. Bf2
Rff8 29. Rcb3 Ra4 30. Kf1 Nh6 31. Bg1 Rfa8 32. c5 Ra2 33. R3b2 R2a3 34. Qd1 Kg7
35. Rc2 Nxg4 36. cxd6 cxd6 37. Rc7+ Kg8 38. Qc1 Ne3+ 39. Bxe3 Rxe3 40. Rc8+
Rxc8 41. Qxc8+ Kg7 42. Qxb7+ Kg8 43. Qc8+ Kg7 44. Qd7+ Kh6 45. Qxd6 Be1 46.
Qf8+ Kh7 47. Qf7+ Kh6 48. Qf8+ Kh7 49. Qf7+ 1/2-1/2